Charles Trenet
-д хадгалсан:
| Үндсэн зохиолч: | |
|---|---|
| Формат: | Ном |
| Хэл сонгох: | франц |
| Хэвлэсэн: |
París
Pierre Seghers
1964
|
| Цуврал: | Poetes d' aujourd ' hui, 125
|
| Нөхцлүүд: | |
| Шошгууд: |
Шошго нэмэх
Шошго байхгүй, Энэхүү баримтыг шошголох эхний хүн болох!
|
MARC
| LEADER | 00000nam a2200000 a 4500 | ||
|---|---|---|---|
| 001 | UCY5272 | ||
| 003 | CL-VaPUC | ||
| 008 | 950421e19640000FR |||||||||||||||||fre|d | ||
| 082 | 0 | 4 | |a 780.92 |b PER |2 21 |
| 100 | 0 | |a Pérez, Michel |e author |9 333965 | |
| 245 | 1 | 0 | |a Charles Trenet |
| 300 | |a 191 p | ||
| 942 | |c BK | ||
| 945 | |d 19950421 00:00:00 |a oaravena | ||
| 260 | |a París |b Pierre Seghers |c 1964 | ||
| 650 | 0 | |a Crítica e interpretación |9 255042 | |
| 583 | |a last modification |c 19950421 00:00:00 |k Rodrigo Vera | ||
| 490 | 0 | |a Poetes d' aujourd ' hui, 125 | |
| 999 | |c 232969 |d 232967 | ||
| 952 | |0 0 |1 0 |4 0 |6 780_920000000000000_PER_1964 |7 0 |8 P |9 237995 |a BIBART |b BIBART |d 2019-11-18 |i 3075362 |o 780.92 PER 1964 |p 3075362 |r 2025-03-13 |w 2019-11-18 |y BK |k ART | ||
| 952 | |0 0 |1 0 |4 0 |6 780_920000000000000_PER_1964 |7 0 |8 P |9 237996 |a BIBART |b BIBART |d 2019-11-18 |i 3075370 |o 780.92 PER 1964 |p 3075370 |r 2025-03-13 |w 2019-11-18 |y BK |k ART | ||